| 000 | 00806nam a22002535a 4500 | ||
|---|---|---|---|
| 001 | fq35c6k2ckq149j8 | ||
| 003 | LIBRIS | ||
| 005 | 20230104103223.0 | ||
| 007 | cr ||| ||||| | ||
| 008 | 190925s2017 xx |||||o|||||000 0|und|d | ||
| 020 | _z1859466389 (Print) | ||
| 020 | _z9781859466384 (Print) | ||
| 035 | _a(WaSeSS)ssib036276721 | ||
| 040 |
_aSEK _ea _cNA |
||
| 041 | _aund | ||
| 082 | _a343.41078624 L15 2017 | ||
| 100 | 1 |
_aLupton, Sarah _4aut |
|
| 245 | 1 | 0 |
_aGuide to JCT Minor Works Building Contract 2016 _cSarah Lupton |
| 264 | 1 | _c2017 | |
| 300 |
_a117 p, _c24 cm. |
||
| 776 | 0 | 8 |
_iPrint _tGuide to JCT Minor Works Building Contract 2016 _z1859466389 _z9781859466384 |
| 887 |
_a{"@id":"fq35c6k2ckq149j8","modified":"2019-09-25T08:11:21.055+02:00"} _2librisxl |
||
| 942 |
_2ddc _cBK-EN _n0 |
||
| 999 |
_c5790 _d5790 |
||